[Event "Cheliabinsk Lozovatsky Memorial-A"]
[Site "Cheliabinsk"]
[Date "2023.02.05"]
[Round "10"]
[White "Filipenko, Alexander V"]
[Black "Trukhin, Dmitry"]
[Result "0-1"]
[WhiteElo "2177"]
[BlackElo "2059"]
[PlyCount "74"]
[EventDate "2023.01.27"]
[EventType "swiss"]
[EventRounds "10"]
[EventCountry "RUS"]
[SourceTitle "CBM 212 Extra"]
[Source "ChessBase"]
[SourceDate "2023.03.31"]
[SourceVersion "1"]
[SourceVersionDate "2023.03.31"]
[SourceQuality "1"]

1. e4 c5 2. Nf3 d6 3. d4 cxd4 4. Nxd4 Nf6 5. Nc3 a6 6. g3 e5 7. Nb3 Be6 8. Bg2 b5 9. 0-0 Nbd7 10. a4 b4 11. Nd5 Bxd5 12. exd5 a5 13. Bd2 Nb6 14. Qe2 Qd7 15. f4 e4 16. Bxe4 Be7 17. Bg2 0-0 18. Qb5 Qxb5 19. axb5 Nc4 20. Bc1 Bd8 21. Nd4 Bb6 22. c3 a4 23. Kh1 b3 24. Rb1 Bxd4 25. cxd4 Rfe8 26. Kg1 Ra5 27. b6 Rb8 28. Re1 Nxd5 29. b7 Kf8 30. f5 Rxb7 31. f6 Rb8 32. Bf1 Rc8 33. fxg7+ Kxg7 34. Bf4 Nxf4 35. gxf4 Nd2 36. Rbc1 Rxc1 37. Rxc1 a3 0-1

[Event "Cheliabinsk Lozovatsky Memorial-A"]
[Site "Cheliabinsk"]
[Date "2023.02.02"]
[Round "7"]
[White "Gnechko, Ruslan"]
[Black "Filipenko, Alexander V"]
[Result "1-0"]
[WhiteElo "2075"]
[BlackElo "2177"]
[PlyCount "91"]
[EventDate "2023.01.27"]
[EventType "swiss"]
[EventRounds "10"]
[EventCountry "RUS"]
[SourceTitle "CBM 212 Extra"]
[Source "ChessBase"]
[SourceDate "2023.03.31"]
[SourceVersion "1"]
[SourceVersionDate "2023.03.31"]
[SourceQuality "1"]

1. e4 c5 2. Nf3 Nc6 3. d4 cxd4 4. Nxd4 Nf6 5. Nc3 d6 6. Nd5 Nxd5 7. exd5 Qa5+ 8. Bd2 Qxd5 9. Nb5 Kd7 10. c4 Qe5+ 11. Be2 a6 12. Bc3 Qe4 13. Na3 Ke8 14. 0-0 e5 15. Bf3 Qg6 16. c5 d5 17. Bxd5 Bxc5 18. Nc4 f6 19. b4 Ba7 20. Kh1 Bg4 21. f3 Rd8 22. Bxc6+ bxc6 23. Qa4 Bd7 24. f4 Qd3 25. Qxa6 Bb8 26. Rf3 Qd5 27. Nb6 Qb5 28. Qxb5 cxb5 29. fxe5 Bc6 30. Re3 f5 31. a4 Ba7 32. a5 Ke7 33. Be1 g5 34. Rc3 Bd7 35. h4 h6 36. Bf2 Ke6 37. Rd1 Bc8 38. Rxd8 Rxd8 39. Rxc8 Rxc8 40. Nxc8 Bxf2 41. a6 Kxe5 42. a7 Bxa7 43. Nxa7 Kd5 44. Nxb5 Kc4 45. Nd6+ Kxb4 46. Nxf5 1-0

[Event "Cheliabinsk Lozovatsky Memorial-A"]
[Site "Cheliabinsk"]
[Date "2023.02.01"]
[Round "6"]
[White "Filipenko, Alexander V"]
[Black "Kamilov, Dmitry"]
[Result "1-0"]
[WhiteElo "2177"]
[BlackElo "2012"]
[PlyCount "125"]
[EventDate "2023.01.27"]
[EventType "swiss"]
[EventRounds "10"]
[EventCountry "RUS"]
[SourceTitle "CBM 212 Extra"]
[Source "ChessBase"]
[SourceDate "2023.03.31"]
[SourceVersion "1"]
[SourceVersionDate "2023.03.31"]
[SourceQuality "1"]

1. e4 c5 2. Nf3 d6 3. d4 cxd4 4. Nxd4 Nf6 5. Nc3 a6 6. g3 e5 7. Nb3 Be7 8. Bg2 0-0 9. 0-0 Be6 10. a4 Nbd7 11. Re1 Qc7 12. a5 b5 13. axb6 Nxb6 14. Na5 Nc4 15. Nxc4 Bxc4 16. Nd5 Nxd5 17. exd5 Bb5 18. Re3 Rfc8 19. Rc3 Qb7 20. Rxc8+ Rxc8 21. b3 Bd7 22. Bf1 Ra8 23. Bg2 a5 24. c4 Rb8 25. c5 Qxb3 26. Qxb3 Rxb3 27. c6 Bf5 28. g4 Bxg4 29. h3 Bf5 30. Bd2 Bd8 31. Bxa5 Bxa5 32. Rxa5 Rb1+ 33. Kh2 Kf8 34. Bf3 Ke7 35. Ra7+ Kf6 36. Bg4 Bxg4 37. hxg4 Rb5 38. Ra8 Rc5 39. Rd8 h6 40. Rxd6+ Ke7 41. Rd7+ Ke8 42. Kg3 Rc3+ 43. Kg2 g6 44. Ra7 Rc5 45. Rd7 Rc3 46. Ra7 Rc5 47. Rb7 Kd8 48. Rxf7 Rxd5 49. Rf6 h5 50. g5 e4 51. Rxg6 Ke7 52. Kg3 Kf7 53. Rf6+ Kg7 54. Kh4 Re5 55. Kxh5 e3 56. fxe3 Rxe3 57. Rd6 Rh3+ 58. Kg4 Rc3 59. Kf5 Kf7 60. g6+ Ke7 61. Re6+ Kf8 62. Ke5 Kg7 63. Kd6 1-0

[Event "Cheliabinsk Lozovatsky Memorial-A"]
[Site "Cheliabinsk"]
[Date "2023.01.30"]
[Round "4"]
[White "Filipenko, Alexander V"]
[Black "Malyshev, Evgeny2"]
[Result "1/2-1/2"]
[WhiteElo "2177"]
[BlackElo "2111"]
[PlyCount "83"]
[EventDate "2023.01.27"]
[EventType "swiss"]
[EventRounds "10"]
[EventCountry "RUS"]
[SourceTitle "CBM 212 Extra"]
[Source "ChessBase"]
[SourceDate "2023.03.31"]
[SourceVersion "1"]
[SourceVersionDate "2023.03.31"]
[SourceQuality "1"]

1. e4 c6 2. Nc3 d5 3. Nf3 dxe4 4. Nxe4 Nf6 5. Qe2 Nxe4 6. Qxe4 Qd5 7. Qh4 Qe6+ 8. Be2 Qg6 9. 0-0 Qxc2 10. Bc4 e6 11. d3 b5 12. Bb3 Qc5 13. Be3 Qd6 14. Bf4 Qd8 15. Qg3 Nd7 16. d4 Nf6 17. Bc7 Ne4 18. Bxd8 Nxg3 19. fxg3 Kxd8 20. Ne5 Kc7 21. Rxf7+ Kb6 22. Nd3 a5 23. Rc1 a4 24. Bd1 Ra7 25. Rxa7 Kxa7 26. Ne5 Bb7 27. Bf3 Kb6 28. Nxc6 Bd6 29. Ne5 Bxe5 30. dxe5 Rc8 31. Rxc8 Bxc8 32. Kf2 Kc5 33. Ke3 b4 34. h4 Ba6 35. a3 Bb5 36. g4 h6 37. g5 hxg5 38. hxg5 Bd7 39. axb4+ Kxb4 40. Bd1 Kc4 41. Ke4 Bc6+ 42. Ke3 1/2-1/2

[Event "Cheliabinsk Lozovatsky Memorial-A"]
[Site "Cheliabinsk"]
[Date "2023.01.28"]
[Round "2"]
[White "Filipenko, Alexander V"]
[Black "Kostenko, Petr"]
[Result "0-1"]
[WhiteElo "2177"]
[BlackElo "2371"]
[PlyCount "84"]
[EventDate "2023.01.27"]
[EventType "swiss"]
[EventRounds "10"]
[EventCountry "RUS"]
[SourceTitle "CBM 212 Extra"]
[Source "ChessBase"]
[SourceDate "2023.03.31"]
[SourceVersion "1"]
[SourceVersionDate "2023.03.31"]
[SourceQuality "1"]

1. e4 e5 2. Nf3 Nc6 3. Bb5 a6 4. Ba4 Nge7 5. Bb3 d5 6. d3 f6 7. a3 Bg4 8. c3 Qd7 9. Nbd2 0-0-0 10. 0-0 g5 11. Qc2 Be6 12. Rd1 g4 13. Ne1 f5 14. Nf1 dxe4 15. dxe4 Qxd1 16. Qxd1 Rxd1 17. Bxd1 f4 18. b4 Ng8 19. Nd2 Nf6 20. Nd3 h5 21. a4 Bd6 22. f3 h4 23. Nf2 g3 24. Ng4 Nxg4 25. fxg4 a5 26. h3 axb4 27. cxb4 Nxb4 28. Bb3 Bxb3 29. Nxb3 Nd3 30. a5 Kd7 31. Bd2 c5 32. Bc3 f3 33. gxf3 Nf4 34. Bd2 c4 35. Bxf4 cxb3 36. Bg5 Bc5+ 37. Kg2 b2 38. Rd1+ Ke6 39. f4 exf4 40. Bxf4 Rf8 41. Kf3 Rxf4+ 42. Kxf4 g2 0-1

[Event "St Petersburg-ch Seniors Blitz"]
[Site "St Petersburg"]
[Date "2022.10.05"]
[Round "5"]
[White "Raetsky, Alexander"]
[Black "Filipenko, Alexander V"]
[Result "0-1"]
[WhiteElo "2284"]
[BlackElo "2071"]
[PlyCount "95"]
[EventDate "2022.10.05"]
[EventType "swiss"]
[EventRounds "11"]
[EventCountry "RUS"]
[SourceTitle "CBM 210 Extra"]
[Source "ChessBase"]
[SourceDate "2022.11.30"]
[SourceVersion "1"]
[SourceVersionDate "2022.11.30"]
[SourceQuality "1"]

1. d4 d5 2. c4 c6 3. Nf3 Nf6 4. Qc2 g6 5. Bf4 dxc4 6. Qxc4 Bg7 7. Nc3 Nd5 8. Be5 Bxe5 9. Nxe5 0-0 10. e4 Nxc3 11. Qxc3 Nd7 12. Nxd7 Bxd7 13. h4 h5 14. 0-0-0 Qb6 15. f3 a5 16. a3 a4 17. Bc4 Qa5 18. Qe3 b5 19. Ba2 Kg7 20. Qc3 Qxc3+ 21. bxc3 Be6 22. Bxe6 fxe6 23. Kd2 Rad8 24. Ke3 Rd7 25. g4 hxg4 26. fxg4 Rfd8 27. h5 e5 28. hxg6 Kxg6 29. Rh5 exd4+ 30. cxd4 Rg8 31. Rf1 Rd6 32. Rff5 Rf6 33. Rfg5+ Kf7 34. Rh7+ Kf8 35. Rxg8+ Kxg8 36. Rxe7 Rh6 37. Rc7 Rh3+ 38. Kf4 Rxa3 39. e5 Ra1 40. e6 a3 41. Kf5 Re1 42. Ra7 b4 43. Kf6 Rf1+ 44. Kg6 Kf8 45. g5 b3 46. Rb7 a2 47. d5 cxd5 48. Rb6 0-1

[Event "St Petersburg-ch Seniors Rapid"]
[Site "St Petersburg"]
[Date "2022.10.04"]
[Round "7"]
[White "Filipenko, Alexander V"]
[Black "Kalegin, Evgenij"]
[Result "0-1"]
[WhiteElo "2071"]
[BlackElo "2286"]
[PlyCount "60"]
[EventDate "2022.10.03"]
[EventType "swiss (rapid)"]
[EventRounds "10"]
[EventCountry "RUS"]
[SourceTitle "EXT 2024"]
[Source "ChessBase"]
[SourceDate "2023.10.10"]
[SourceVersion "1"]
[SourceVersionDate "2023.10.10"]
[SourceQuality "1"]

1. e4 c5 2. Nf3 e6 3. d4 cxd4 4. Nxd4 a6 5. c4 Nf6 6. Nc3 Qc7 7. Be2 Bb4 8. Nc2 Be7 9. f4 d6 10. 0-0 0-0 11. Be3 b6 12. Qd3 Nbd7 13. b4 Bb7 14. Rac1 Rfe8 15. a3 Bf8 16. g4 h6 17. Bd4 e5 18. fxe5 Nxe5 19. Bxe5 Rxe5 20. Rxf6 gxf6 21. Ne3 Rae8 22. Ncd5 Bxd5 23. Nxd5 Qd8 24. Bf3 f5 25. Rf1 fxe4 26. Bxe4 Bg7 27. Bf5 Qh4 28. Nc7 Re2 29. Qg3 Qxg3+ 30. hxg3 R8e3 0-1

[Event "St Petersburg-ch Seniors Rapid"]
[Site "St Petersburg"]
[Date "2022.10.04"]
[Round "9"]
[White "Filipenko, Alexander V"]
[Black "Pozin, Sergey"]
[Result "0-1"]
[WhiteElo "2071"]
[BlackElo "2124"]
[PlyCount "109"]
[EventDate "2022.10.03"]
[EventType "swiss (rapid)"]
[EventRounds "10"]
[EventCountry "RUS"]
[SourceTitle "EXT 2024"]
[Source "ChessBase"]
[SourceDate "2023.10.10"]
[SourceVersion "1"]
[SourceVersionDate "2023.10.10"]
[SourceQuality "1"]

1. e4 c5 2. Nf3 d6 3. d4 cxd4 4. Nxd4 Nf6 5. Nc3 Nc6 6. Bb5 Bd7 7. Bg5 e6 8. Qd3 h6 9. Bh4 Ne5 10. Qh3 Be7 11. f4 Ng6 12. Bg3 Bxb5 13. Ndxb5 a6 14. Nd4 Qa5 15. 0-0-0 Qh5 16. Qxh5 Nxh5 17. f5 Nxg3 18. hxg3 Nf8 19. Rd3 Rd8 20. Rhd1 Bg5+ 21. Kb1 Ke7 22. Nf3 Nh7 23. fxe6 fxe6 24. e5 dxe5 25. Nxe5 Rxd3 26. Rxd3 Rd8 27. Rxd8 Kxd8 28. Ne4 Be3 29. Nc4 Bg1 30. Ncd6 b6 31. c4 Kd7 32. Kc2 Nf6 33. Kd3 Ng4 34. b3 Ne5+ 35. Ke2 Bd4 36. a4 Bb2 37. a5 Ba3 38. c5 bxc5 39. Nc4 Nxc4 40. bxc4 Kc6 41. Nd2 Kd6 42. Kd3 Ke5 43. Nf3+ Kf5 44. Nd2 h5 45. Ne4 g6 46. Ke3 Bb4 47. Nd6+ Ke5 48. Nb7 Ba3 49. Kd3 g5 50. Ke3 g4 51. Kd3 Kf6 52. Nd6 Bb4 53. Ne4+ Ke5 54. Ke3 Bxa5 55. Nxc5 0-1

[Event "St Petersburg-ch Seniors"]
[Site "St Petersburg"]
[Date "2022.09.26"]
[Round "3"]
[White "Filipenko, Alexander V"]
[Black "Dragomarezkij, Evgeni"]
[Result "1/2-1/2"]
[WhiteElo "2171"]
[BlackElo "2297"]
[PlyCount "37"]
[EventDate "2022.09.24"]
[EventType "swiss"]
[EventRounds "9"]
[EventCountry "RUS"]
[SourceTitle "CBM 210 Extra"]
[Source "ChessBase"]
[SourceDate "2022.11.30"]
[SourceVersion "1"]
[SourceVersionDate "2022.11.30"]
[SourceQuality "1"]

1. e4 e5 2. Nf3 Nf6 3. Nc3 Bb4 4. Nxe5 0-0 5. Nd3 Bxc3 6. dxc3 Nxe4 7. Be2 d6 8. 0-0 Nd7 9. f3 Nec5 10. Re1 Re8 11. Bf1 b6 12. Rxe8+ Qxe8 13. Qe2 Ba6 14. Qf2 Ne5 15. Nxc5 Bxf1 16. Qxf1 bxc5 17. Bf4 Ng6 18. Bg3 Qe6 19. c4 1/2-1/2

[Event "St Petersburg-ch Seniors"]
[Site "St Petersburg"]
[Date "2022.09.25"]
[Round "2"]
[White "Raetsky, Alexander"]
[Black "Filipenko, Alexander V"]
[Result "1/2-1/2"]
[WhiteElo "2384"]
[BlackElo "2171"]
[PlyCount "21"]
[EventDate "2022.09.24"]
[EventType "swiss"]
[EventRounds "9"]
[EventCountry "RUS"]
[SourceTitle "CBM 210 Extra"]
[Source "ChessBase"]
[SourceDate "2022.11.30"]
[SourceVersion "1"]
[SourceVersionDate "2022.11.30"]
[SourceQuality "1"]

1. d4 d5 2. c4 c6 3. Nf3 Nf6 4. Qc2 g6 5. Bf4 dxc4 6. Qxc4 Bg7 7. Nbd2 Bf5 8. e3 0-0 9. Be2 Nbd7 10. 0-0 Nh5 11. Bg5 1/2-1/2

[Event "Nezhmetdinov Memorial 44th"]
[Site "Kazan"]
[Date "2022.05.31"]
[Round "6"]
[White "Filipenko, Alexander V"]
[Black "Timofeev, Artyom"]
[Result "0-1"]
[WhiteElo "2208"]
[BlackElo "2574"]
[PlyCount "80"]
[EventDate "2022.05.27"]
[EventType "swiss"]
[EventRounds "9"]
[EventCountry "RUS"]
[SourceTitle "CBM 208 Extra"]
[Source "ChessBase"]
[SourceDate "2022.07.31"]
[SourceVersion "1"]
[SourceVersionDate "2022.07.31"]
[SourceQuality "1"]

1. e4 c6 2. Nc3 d5 3. Nf3 dxe4 4. Nxe4 Nf6 5. Qe2 Bf5 6. Nxf6+ gxf6 7. d3 h5 8. g3 Bg4 9. h3 Bxf3 10. Qxf3 e6 11. Bg2 f5 12. h4 Nd7 13. Qe2 Bh6 14. Bxh6 Rxh6 15. 0-0-0 Qa5 16. Qe3 Rg6 17. Bf3 Qxa2 18. Bxh5 f4 19. Qe2 Rf6 20. g4 0-0-0 21. Qe4 Qa1+ 22. Kd2 Qxb2 23. Rb1 Qe5 24. Qb4 Qc7 25. Qa3 Kb8 26. Rb4 Nb6 27. Ra1 Nc8 28. Qb2 e5 29. g5 Rfd6 30. Re1 c5 31. Rbe4 c4 32. Rxe5 cxd3 33. c3 Nb6 34. R1e4 Nc4+ 35. Rxc4 Qxc4 36. Bf3 Rb6 37. Qa3 Rb3 38. Qa5 Rb2+ 39. Kc1 b6 40. Qa3 Rb3 0-1

[Event "RUS-chT2"]
[Site "Sochi"]
[Date "2022.05.02"]
[Round "2.3"]
[White "Filipenko, Alexander V"]
[Black "Kolmagorov, Alexey"]
[Result "1-0"]
[WhiteElo "2208"]
[BlackElo "2171"]
[PlyCount "73"]
[EventDate "2022.05.01"]
[EventType "team-swiss"]
[EventRounds "9"]
[EventCountry "RUS"]
[SourceTitle "CBM 208 Extra"]
[Source "ChessBase"]
[SourceDate "2022.07.31"]
[SourceVersion "1"]
[SourceVersionDate "2022.07.31"]
[SourceQuality "1"]
[WhiteTeam "Russia Veterans"]
[BlackTeam "Novosibirsk Region NGTU"]
[WhiteTeamCountry "RUS"]
[BlackTeamCountry "RUS"]

1. e4 c5 2. Nf3 Nc6 3. d4 cxd4 4. Nxd4 g6 5. c4 Nf6 6. Nc3 d6 7. Nc2 Bg7 8. Be2 0-0 9. 0-0 Nd7 10. Bd2 Nc5 11. b4 Bxc3 12. Bxc3 Nxe4 13. Bb2 Nf6 14. b5 Ne5 15. c5 Be6 16. Ne3 Qc7 17. f4 Ned7 18. cxd6 Qc5 19. Qd4 Qxd4 20. Bxd4 exd6 21. f5 gxf5 22. Nxf5 Bxf5 23. Rxf5 Rfe8 24. Bf3 Ne4 25. Rf1 f6 26. Re1 Ndc5 27. Bxc5 Nxc5 28. Rd1 Rad8 29. Rxf6 Ne4 30. Rf4 Nc3 31. Rg4+ Kh8 32. Rd3 Nxb5 33. Rb3 a6 34. a4 Nc7 35. Rxb7 Ne6 36. Be4 Rb8 37. Rxh7# 1-0

[Event "Wch Seniors 65 29th"]
[Site "Bucharest"]
[Date "2019.11.22"]
[Round "10"]
[White "Stasans, Aivars"]
[Black "Filipenko, Alexander V"]
[Result "0-1"]
[WhiteElo "2095"]
[BlackElo "2250"]
[PlyCount "96"]
[EventDate "2019.11.12"]
[EventType "swiss"]
[EventRounds "11"]
[EventCountry "ROU"]
[SourceTitle "CBM 193 Extra"]
[Source "ChessBase"]
[SourceDate "2020.01.31"]
[SourceVersion "1"]
[SourceVersionDate "2020.01.31"]
[SourceQuality "1"]

1. e4 c5 2. Nf3 d6 3. d4 cxd4 4. Nxd4 Nf6 5. Nc3 e6 6. Bg5 Be7 7. Bb5+ Nbd7 8. Qe2 0-0 9. 0-0-0 a6 10. Bxd7 Bxd7 11. f4 Qc7 12. e5 dxe5 13. fxe5 Nd5 14. Bxe7 Nxe7 15. Nf3 Bc6 16. Rhe1 Rad8 17. Qc4 Ng6 18. Rd3 b5 19. Qc5 Rxd3 20. cxd3 Nf4 21. Rd1 Qb7 22. Qf2 b4 23. Ne2 Bxf3 24. gxf3 Qc7+ 25. Kb1 Qxe5 26. Nxf4 Qxf4 27. Qg3 Qd4 28. Qc7 Qd5 29. Qf4 g6 30. Qe4 Qd6 31. f4 Rd8 32. d4 Qd5 33. Qd3 a5 34. h3 Kg7 35. Rd2 Rc8 36. Rd1 Rd8 37. Rd2 Rd7 38. Rd1 Rd6 39. Rd2 Kf6 40. a3 b3 41. a4 Qf5 42. Kc1 Rc6+ 43. Kb1 Rc4 44. Qxf5+ Kxf5 45. d5 Rxf4 46. Rd1 exd5 47. Rxd5+ Ke4 48. Rd1 Ke3 0-1

[Event "Wch Seniors 65 29th"]
[Site "Bucharest"]
[Date "2019.11.20"]
[Round "8"]
[White "Glodeanu, Ion"]
[Black "Filipenko, Alexander V"]
[Result "1/2-1/2"]
[WhiteElo "2149"]
[BlackElo "2250"]
[PlyCount "82"]
[EventDate "2019.11.12"]
[EventType "swiss"]
[EventRounds "11"]
[EventCountry "ROU"]
[SourceTitle "CBM 193 Extra"]
[Source "ChessBase"]
[SourceDate "2020.01.31"]
[SourceVersion "1"]
[SourceVersionDate "2020.01.31"]
[SourceQuality "1"]

1. Nf3 d5 2. c4 c6 3. g3 dxc4 4. Bg2 Nd7 5. Qc2 Nb6 6. Ne5 Qd4 7. f4 g6 8. e3 Qd8 9. Nxc4 Nxc4 10. Qxc4 Be6 11. Qc2 Qd7 12. d4 Bh3 13. Nc3 Nf6 14. 0-0 Bxg2 15. Qxg2 e6 16. Rd1 Bb4 17. e4 0-0 18. h3 Rfd8 19. Be3 c5 20. dxc5 Qc6 21. e5 Bxc5 22. Bxc5 Qxc5+ 23. Qf2 Qxf2+ 24. Kxf2 Ne8 25. Rxd8 Rxd8 26. Rd1 Rxd1 27. Nxd1 f6 28. Ke3 fxe5 29. fxe5 Kf7 30. Nc3 Ke7 31. Kd4 h6 32. Nb5 a6 33. Nc3 Kd7 34. Ne4 Kc6 35. Nf6 Nxf6 36. exf6 Kd6 37. Ke4 h5 38. h4 a5 39. a4 e5 40. f7 Ke7 41. Kxe5 Kxf7 1/2-1/2

[Event "Sochi ChessAmateur op10"]
[Site "Sochi"]
[Date "2018.10.15"]
[Round "5"]
[White "Filipenko, Alexander V"]
[Black "Mokhna, Natalia"]
[Result "1-0"]
[WhiteElo "2234"]
[BlackElo "2076"]
[PlyCount "46"]
[EventDate "2018.10.12"]
[EventType "swiss"]
[EventRounds "9"]
[EventCountry "RUS"]
[SourceTitle "CBM 187 Extra"]
[Source "ChessBase"]
[SourceDate "2018.11.04"]
[SourceVersion "1"]
[SourceVersionDate "2018.11.04"]
[SourceQuality "1"]

1. e4 e5 2. Nf3 Nc6 3. Bb5 a6 4. Ba4 Nf6 5. 0-0 b5 6. Bb3 Bc5 7. a4 b4 8. Nxe5 Nxe5 9. d4 Bxd4 10. Qxd4 d6 11. f4 c5 12. Qd1 Ng6 13. e5 dxe5 14. Qxd8+ Kxd8 15. Bxf7 Nxf4 16. Bxf4 exf4 17. Nd2 Rf8 18. Bc4 Bf5 19. Rxf4 Bxc2 20. Bf1 Nd7 21. Rxf8+ Nxf8 22. Rc1 b3 23. Bc4 Rb8 1-0

[Event "Sochi ChessAmateur op10"]
[Site "Sochi"]
[Date "2018.10.13"]
[Round "3"]
[White "Potapova, Margarita"]
[Black "Filipenko, Alexander V"]
[Result "1-0"]
[WhiteElo "2284"]
[BlackElo "2234"]
[PlyCount "39"]
[EventDate "2018.10.12"]
[EventType "swiss"]
[EventRounds "9"]
[EventCountry "RUS"]
[SourceTitle "CBM 187 Extra"]
[Source "ChessBase"]
[SourceDate "2018.11.04"]
[SourceVersion "1"]
[SourceVersionDate "2018.11.04"]
[SourceQuality "1"]

1. d4 d5 2. c4 c6 3. Nc3 Nf6 4. cxd5 cxd5 5. Bf4 Nc6 6. e3 Bg4 7. Qb3 Na5 8. Qa4+ Bd7 9. Qc2 e6 10. Nf3 Rc8 11. Bd3 Bb4 12. 0-0 Nh5 13. Be5 f6 14. Bg3 Nxg3 15. hxg3 Nc4 16. Rac1 Qa5 17. g4 Ke7 18. e4 Nxb2 19. Qxb2 Bxc3 20. Qe2 1-0

[Event "Sochi ChessAmateur op10"]
[Site "Sochi"]
[Date "2018.10.12"]
[Round "1"]
[White "Filipenko, Alexander V"]
[Black "Sukhareva, Valentina"]
[Result "1-0"]
[WhiteElo "2234"]
[BlackElo "1817"]
[PlyCount "53"]
[EventDate "2018.10.12"]
[EventType "swiss"]
[EventRounds "9"]
[EventCountry "RUS"]
[SourceTitle "CBM 187 Extra"]
[Source "ChessBase"]
[SourceDate "2018.11.04"]
[SourceVersion "1"]
[SourceVersionDate "2018.11.04"]
[SourceQuality "1"]

1. e4 e5 2. Nf3 d6 3. d4 Nd7 4. Bc4 c6 5. 0-0 Be7 6. dxe5 dxe5 7. Ng5 Bxg5 8. Qh5 Qe7 9. Qxg5 Qxg5 10. Bxg5 Ngf6 11. f3 b5 12. Be2 Nc5 13. Be3 Ne6 14. c3 Nf4 15. Bxf4 exf4 16. a4 Bd7 17. axb5 cxb5 18. Ra5 a6 19. Na3 0-0 20. Nc2 Ne8 21. Rd1 Ra7 22. Nb4 f5 23. Rxa6 Rxa6 24. Nxa6 Rf7 25. Nb8 Nf6 26. e5 Re7 27. Kf2 1-0

[Event "Nezhmetdinov Memorial 40th"]
[Site "Kazan"]
[Date "2018.09.21"]
[Round "9"]
[White "Filipenko, Alexander V"]
[Black "Palachev, Petr"]
[Result "1/2-1/2"]
[WhiteElo "2245"]
[BlackElo "2405"]
[PlyCount "60"]
[EventDate "2018.09.13"]
[EventType "swiss"]
[EventRounds "9"]
[EventCountry "RUS"]
[SourceTitle "CBM 186 Extra"]
[Source "ChessBase"]
[SourceDate "2018.08.24"]
[SourceVersion "1"]
[SourceVersionDate "2018.08.24"]
[SourceQuality "1"]

1. e4 c5 2. Nf3 d6 3. Bb5+ Nd7 4. d4 cxd4 5. Qxd4 a6 6. Bxd7+ Bxd7 7. c4 Rc8 8. Nc3 e5 9. Qd3 Qc7 10. Nd2 Nf6 11. 0-0 Be7 12. a4 0-0 13. a5 Bc6 14. b3 Nd7 15. Ba3 Qxa5 16. Bxd6 Qd8 17. Bxe7 Qxe7 18. Nd5 Bxd5 19. exd5 f5 20. Rfe1 Qd6 21. f3 Rf6 22. h3 h5 23. Qe3 h4 24. Qg5 Qc5+ 25. Kh2 Qf2 26. Rad1 b5 27. Rf1 Qc5 28. Qxh4 Nb6 29. Rc1 Qb4 30. Qe1 a5 1/2-1/2

[Event "Nezhmetdinov Memorial 40th"]
[Site "Kazan"]
[Date "2018.09.15"]
[Round "3"]
[White "Filipenko, Alexander V"]
[Black "Volkov, Roman"]
[Result "0-1"]
[WhiteElo "2245"]
[BlackElo "2065"]
[PlyCount "96"]
[EventDate "2018.09.13"]
[EventType "swiss"]
[EventRounds "9"]
[EventCountry "RUS"]
[SourceTitle "CBM 186 Extra"]
[Source "ChessBase"]
[SourceDate "2018.08.24"]
[SourceVersion "1"]
[SourceVersionDate "2018.08.24"]
[SourceQuality "1"]

1. e4 e5 2. Nf3 Nc6 3. Bb5 a6 4. Ba4 Nf6 5. 0-0 Be7 6. Re1 b5 7. Bb3 d6 8. a4 b4 9. d4 0-0 10. dxe5 Nxe5 11. Nxe5 dxe5 12. Qe2 Bb7 13. f3 Bc5+ 14. Be3 Qe7 15. Nd2 Rfd8 16. Bc4 Bxe3+ 17. Qxe3 Rxd2 18. Bxf7+ Kxf7 19. Qxd2 Nd7 20. Rad1 Bc6 21. b3 Rb8 22. Re3 Nc5 23. c3 Nxb3 24. Qa2 Qe6 25. Rb1 Nc5 26. Qxe6+ Nxe6 27. Rxb4 Rxb4 28. cxb4 Bxa4 29. Ra3 Bb5 30. h4 Ke7 31. Kf2 Nd4 32. g3 Kd6 33. Rc3 Ne6 34. Ke3 Nd4 35. f4 Nc6 36. Rb3 Kd7 37. Rb1 Kc8 38. Rb2 Kb7 39. f5 Kb6 40. g4 Bc4 41. g5 Kb5 42. h5 Nxb4 43. Kd2 a5 44. Kc3 c5 45. Rd2 a4 46. Rd7 a3 47. Rxg7 Kb6 48. Rg8 Bxg8 0-1

[Event "Pardubice Czech op-B 29th"]
[Site "Pardubice"]
[Date "2018.07.27"]
[Round "8"]
[White "Paldus, Petr"]
[Black "Filipenko, Alexander V"]
[Result "1-0"]
[WhiteElo "1982"]
[BlackElo "2266"]
[PlyCount "36"]
[EventDate "2018.07.20"]
[EventType "swiss"]
[EventRounds "9"]
[EventCountry "CZE"]
[SourceTitle "CBM 186 Extra"]
[Source "ChessBase"]
[SourceDate "2018.08.24"]
[SourceVersion "1"]
[SourceVersionDate "2018.08.24"]
[SourceQuality "1"]

1. e4 c5 2. b3 d6 3. g3 e5 4. Bb2 Nc6 5. Bg2 h5 6. h3 f5 7. Nc3 Nf6 8. d3 g5 9. Nf3 Bh6 10. Nd5 Nxd5 11. exd5 Ne7 12. Nxe5 dxe5 13. Qxh5+ Kd7 14. Bxe5 Bg7 15. Qe2 Bxe5 16. Qxe5 Re8 17. 0-0 Qc7 18. Qe6+ Kd8 1-0

[Event "Pardubice Czech op-B 29th"]
[Site "Pardubice"]
[Date "2018.07.21"]
[Round "2"]
[White "Yanjinlkham, Bayarsaikhan"]
[Black "Filipenko, Alexander V"]
[Result "1-0"]
[WhiteElo "1984"]
[BlackElo "2266"]
[PlyCount "73"]
[EventDate "2018.07.20"]
[EventType "swiss"]
[EventRounds "9"]
[EventCountry "CZE"]
[SourceTitle "CBM 186 Extra"]
[Source "ChessBase"]
[SourceDate "2018.08.24"]
[SourceVersion "1"]
[SourceVersionDate "2018.08.24"]
[SourceQuality "1"]

1. d4 d5 2. c4 c6 3. Nf3 Nf6 4. Qc2 g6 5. cxd5 cxd5 6. Nc3 Nc6 7. Bf4 Bg7 8. e3 0-0 9. h3 Bf5 10. Qb3 Na5 11. Qa3 a6 12. Ne5 Rc8 13. g4 Be6 14. b4 Nc4 15. Nxc4 dxc4 16. Bg2 Nd5 17. Bg3 f5 18. gxf5 gxf5 19. Rg1 Kh8 20. 0-0-0 a5 21. b5 Qd7 22. Be5 Bf6 23. Bxd5 Bxd5 24. Nxd5 Qxd5 25. Qxe7 Qf7 26. Bxf6+ Qxf6 27. Qxf6+ Rxf6 28. Kc2 Re8 29. Kc3 f4 30. Kxc4 fxe3 31. fxe3 Rf3 32. e4 Rf4 33. Rde1 Rfxe4 34. Rxe4 Rxe4 35. Kc5 Re3 36. d5 Rxh3 37. Rd1 1-0